| Tag |
First Indicator |
Second Indicator |
Subfields |
| LEADER |
00000cam a2200000 a 4500 |
| 001 |
in00001335430 |
| 005 |
20151006051225.0 |
| 008 |
960223s1996 nyu f 000 0 eng |
| 010 |
|
|
|a 96005568
|
| 020 |
|
|
|a 0442022123 (hardcover)
|
| 035 |
|
|
|a (OCoLC)34323385
|
| 035 |
|
|
|9 AHF4140AM
|
| 040 |
|
|
|a DLC
|c DLC
|d TXA
|d UtOrBLW
|
| 049 |
|
|
|a TXAM
|
| 050 |
0 |
0 |
|a T55.3.H3
|b P64 1996
|
| 082 |
0 |
0 |
|a 604.7
|2 20
|
| 100 |
1 |
|
|a Pohanish, Richard P.
|
| 245 |
1 |
0 |
|a Hazardous materials handbook /
|c Richard P. Pohanish, Stanley A. Greene.
|
| 264 |
|
1 |
|a New York :
|b Van Nostrand Reinhold,
|c 1996.
|
| 300 |
|
|
|a xliii, 1792 pages ;
|c 29 cm.
|
| 336 |
|
|
|a text
|b txt
|2 rdacontent
|
| 337 |
|
|
|a unmediated
|b n
|2 rdamedia
|
| 338 |
|
|
|a volume
|b nc
|2 rdacarrier
|
| 650 |
|
0 |
|a Hazardous substances
|v Handbooks, manuals, etc.
|
| 700 |
1 |
|
|a Greene, Stanley A.
|
| 999 |
|
|
|a MARS
|
| 999 |
f |
f |
|s e19860bc-c317-3d84-992a-a26afcea770e
|i ed469345-e2ac-34ba-83a3-f32c3b45a4ce
|t 0
|
| 952 |
f |
f |
|p ric
|a Texas A&M University
|b Rellis Campus
|c Joint Library Facility
|d Remote Storage
|t 0
|e T55.3.H3 P64 1996
|h Library of Congress classification
|i unmediated -- volume
|m A14821054875
|
| 998 |
f |
f |
|a T55.3.H3 P64 1996
|t 0
|l Remote Storage
|